[Event "Dato Arthur Tan Malaysian Op"]
[Site "Kuala Lumpur MAS"]
[Date "2007.08.25"]
[Round "10"]
[White "Rahman,Zia"]
[Black "Girinath,P"]
[Result "1-0"]
[WhiteElo "2522"]
[BlackElo "2440"]

1.d4 Nf6 2.Bg5 g6 3.Nd2 Bg7 4.e4 d6 5.Ngf3 O-O 6.c3 Qe8 7.Bd3 e5 8.O-O h6
9.Bh4 Nh5 10.Re1 Kh8 11.Nc4 Nc6 12.dxe5 dxe5 13.b4 f6 14.Nfd2 Nf4 15.Bf1 Be6
16.Qc2 Qf7 17.Ne3 Rfd8 18.Nb3 b6 19.f3 a5 20.b5 a4 21.Nd2 Na5 22.c4 c6 23.bxc6 Nxc6
24.Nd5 Nd4 25.Qb2 b5 26.Bf2 a3 27.Qb1 bxc4 28.Bxd4 Nxd5 29.exd5 Bf5 30.Ne4 exd4
31.Bxc4 Bxe4 32.fxe4 Qe7 33.e5 fxe5 34.Qxg6 Qg5 35.Qe4 Qf4 36.Qxf4 exf4 37.Re4 Rac8
38.Bb3 Rf8 39.Kf2 Rc3 40.Rd1 Re3 41.Re6 Rc8 42.d6 Rd8 43.Rc1 Bf8 44.Rg6 Bxd6
45.Rc6 Rxb3 46.axb3 Bf8 47.Ra6 d3 48.Ke1 Bb4+ 49.Kd1 Bc3 50.Rxh6+ Kg7 51.Rhc6 Bb2
52.Ra7+ Kf8 53.b4 d2 54.b5 Bc1 55.b6 Re8 56.Ra8 a2 57.Rxe8+  1-0

[Event "1st Serbian League Women"]
[Site "Zlatibor SRB"]
[Date "2007.08.25"]
[Round "5"]
[White "Stojanovic,An"]
[Black "Bojovic,J"]
[Result "1-0"]
[WhiteElo "2235"]
[BlackElo "1918"]

1.d4 Nf6 2.Bg5 c5 3.d5 d6 4.Bxf6 gxf6 5.Nc3 Bg7 6.e3 Nd7 7.Nge2 a6 8.Nf4 b5
9.Qg4 Bh6 10.Ne6 Qa5 11.Qh5 Bf8 12.Be2 Ne5 13.O-O Ng6 14.Nxf8 Kxf8 15.a4 b4
16.Ne4 Ke8 17.Nd2 Kd8 18.f4 f5 19.Nc4 Qc7 20.a5 Rb8 21.b3 Qd7 22.Nb6 Qc7
23.Nc4 Qd7 24.Rad1 Ke8 25.Bd3 h6 26.Nb6 Qc7 27.Nxc8 Rxc8 28.Bxf5 Rb8 29.Bxg6 fxg6
30.Qxg6+ Kd8 31.f5 Kc8 32.f6 Rf8 33.fxe7 Qxe7 34.Rxf8+ Qxf8 35.Rf1 Qe7 36.e4 Rb7
37.Qg8+ Qd8 38.Rf8  1-0

[Event "IX Sants Open"]
[Site "Barcelona ESP"]
[Date "2007.08.26"]
[Round "3"]
[White "Moskalenko,V"]
[Black "Cabrera Trujillo,J"]
[Result "1-0"]
[WhiteElo "2560"]
[BlackElo "2324"]

1.d4 Nf6 2.Bg5 d5 3.e3 c5 4.c3 h6 5.Bxf6 gxf6 6.dxc5 a5 7.c4 dxc4 8.Qxd8+ Kxd8
9.Nd2 e6 10.Ne4 Nd7 11.Bxc4 Bxc5 12.Nf3 Bb4+ 13.Ke2 f5 14.Ned2 Ke7 15.Rac1 Nf6
16.Bb5 Nd5 17.Nc4 Bd7 18.Bxd7 Kxd7 19.a3 Bd6 20.Rhd1 Ra6 21.Nd4 Nc7 22.a4 Rc8
23.Nb5 Nxb5 24.axb5 Rxc4 25.bxa6 Rxc1 26.Rxc1 bxa6 27.Rc4 Be7 28.Kd3 Bd8
29.b3 Bf6 30.e4 fxe4+ 31.Kxe4 Be7 32.g4 Bd6 33.f4 Be7 34.Rc3  1-0

[Event "27th Open"]
[Site "Bratto ITA"]
[Date "2007.08.26"]
[Round "4"]
[White "Vancini,E"]
[Black "Stips,F"]
[Result "1-0"]
[WhiteElo "2308"]
[BlackElo "2041"]

1.d4 Nf6 2.Bg5 d5 3.Bxf6 exf6 4.e3 Be6 5.Nd2 f5 6.Ne2 c6 7.g3 Nd7 8.Bg2 Bd6
9.a3 O-O 10.O-O Nf6 11.c4 dxc4 12.Qc2 g6 13.Nxc4 Be7 14.b4 Ne4 15.Na5 Nd6
16.Nf4 Rc8 17.Nxe6 fxe6 18.Qa2 Qd7 19.Rfc1 Kg7 20.Rc2 g5 21.Rac1 g4 22.Nb3 Nf7
23.Nc5 Bxc5 24.Rxc5 Ng5 25.Qc2 a6 26.a4 h5 27.b5 axb5 28.axb5 Rh8 29.bxc6 bxc6
30.e4 Qxd4 31.exf5 Rhf8 32.fxe6 Nxe6 33.Rxh5 Rh8 34.Rxh8 Kxh8 35.Qg6 Nd8
36.Re1  1-0

[Event "IX Sants Open"]
[Site "Barcelona ESP"]
[Date "2007.08.29"]
[Round "6"]
[White "Vilela de Acuna,J"]
[Black "Gonzalez Vidal,Y"]
[Result "0-1"]
[WhiteElo "2346"]
[BlackElo "2475"]

1.d4 Nf6 2.Bg5 c5 3.d5 Qb6 4.Nc3 Qxb2 5.Bd2 Qb6 6.e4 d6 7.f4 Qc7 8.Bb5+ Nbd7
9.Nf3 a6 10.Bxd7+ Nxd7 11.O-O g6 12.e5 Bg7 13.e6 fxe6 14.dxe6 Nf6 15.Qe2 b5
16.Rae1 b4 17.Nd1 Bb7 18.Ng5 Qc6 19.c4 Rf8 20.Nf7 Qe4 21.Ne3 Qxe6 22.Nf5 Qxe2
23.N7xd6+ exd6 24.Rxe2+ Ne4 25.Nxd6+ Kd7 26.Nxb7 Nxd2 27.Rxd2+ Bd4+ 28.Kh1 Kc7
29.Na5 Rae8 30.Nb3 Rxf4 31.Rfd1 Rf2 32.g3 Rxd2  0-1

[Event "13th Open"]
[Site "Chambery FRA"]
[Date "2007.08.29"]
[Round "2"]
[White "Claverie,C"]
[Black "Poesson,T"]
[Result "1/2-1/2"]
[WhiteElo "2344"]
[BlackElo "2089"]

1.d4 Nf6 2.Bg5 d5 3.Bxf6 gxf6 4.e3 Bg7 5.Qh5 f5 6.Nh3 e6 7.Nd2 c5 8.c3 Qe7
9.Nf4 Nd7 10.Nf3 Nf6 11.Qg5 Kf8 12.Ne5 Ne4 13.Qh5 Bd7 14.Bd3 Be8 15.Qh3 Qc7
16.Bxe4 dxe4 17.g4 Bxe5 18.dxe5 Qxe5 19.gxf5 Qxf5 20.Qxf5 exf5 21.Rd1 Bc6
22.Rg1 Rg8 23.Rg3 Rxg3 24.fxg3 Ke7 25.b4 cxb4 26.cxb4 Rd8 27.Rxd8 Kxd8 28.Kd2 Ke7
29.Kc3 Kf6 30.h4 Ke5 31.Kc4 Bd7 32.a3 Be6+ 33.Kc3  1/2-1/2

[Event "15th Open"]
[Site "Nikea GRE"]
[Date "2007.08.29"]
[Round "8"]
[White "Soultatis,K"]
[Black "Panagiotakos,P"]
[Result "1-0"]
[WhiteElo "2140"]
[BlackElo "1950"]

1.d4 Nf6 2.Bg5 c5 3.Bxf6 gxf6 4.d5 d6 5.c4 Bg7 6.Nc3 f5 7.e3 Nd7 8.Nge2 Qa5
9.Qd2 Ne5 10.Nf4 Rg8 11.a3 Bd7 12.Be2 a6 13.O-O b5 14.cxb5 Bxb5 15.b4 Bxe2
16.Qxe2 Qc7 17.Rac1 c4 18.Qh5 O-O-O 19.Qxf5+ Kb8 20.b5 Bf6 21.bxa6 Rg5 22.Qb1+ Ka8
23.Ne4 Rb8 24.Qc2 Rb2 25.Qd1 Rg7 26.Nxf6 exf6 27.Kh1 Qc8 28.Qd4 Rb3 29.Rb1 Rxa3
30.Rb6 Qc5 31.Qb2 Rg8 32.Rb1 Rb3 33.Rxb3 cxb3 34.Qxb3 Qc7 35.g3 Nc4 36.Rc1 Rc8
37.Rxc4  1-0

[Event "FSIM September"]
[Site "Budapest HUN"]
[Date "2007.09.01"]
[Round "1"]
[White "Vegh,E"]
[Black "Adams,N"]
[Result "1/2-1/2"]
[WhiteElo "2313"]
[BlackElo "2218"]

1.d4 d5 2.Bg5 Nf6 3.Bxf6 exf6 4.e3 Bd6 5.g3 O-O 6.Bg2 c6 7.Ne2 Nd7 8.O-O f5
9.Nd2 Nf6 10.c4 dxc4 11.Nxc4 Bc7 12.Nc3 Be6 13.Qd3 g6 14.Rfd1 Qe7 15.a3 Rad8
16.b4 a6 17.Rab1 h5 18.a4 Rc8 19.Nd2 Rfd8 20.Nb3 Bd6 21.Nc5 Bxc5 22.bxc5 Rc7
23.Rb2 Kg7 24.h4 Kh7 25.Nb1 Bd5 26.Bxd5 Nxd5 27.Nd2 Nf6 28.Rdb1 Rdd7 29.Rb3 Kg7
30.Nc4 Ne4 31.Qc2 Kh7 32.Qb2 Qe6 33.Ne5 Re7 34.Nf3 Qd5 35.Qe2 Kg7  1/2-1/2

[Event "XV Open"]
[Site "Albacete ESP"]
[Date "2007.09.02"]
[Round "1"]
[White "Bendayan Claros,A"]
[Black "Bolado Saez,S"]
[Result "0-1"]
[WhiteElo "1843"]
[BlackElo "2366"]

1.d4 Nf6 2.Bg5 d5 3.e3 c6 4.Bd3 Nbd7 5.Nf3 e6 6.O-O Bd6 7.Bf4 Bxf4 8.exf4 O-O
9.Nbd2 c5 10.c3 Qc7 11.g3 Rb8 12.Qe2 c4 13.Bc2 b5 14.Ne5 a5 15.g4 g6 16.Kh1 b4
17.Rab1 Qd6 18.Rg1 Ne8 19.f5 bxc3 20.bxc3 Rxb1 21.Bxb1 Nxe5 22.dxe5 Qa3 23.Qe3 Bb7
24.f3 exf5 25.gxf5 Qe7 26.Qf4 Kh8 27.f6 Qe6 28.Qh6 Rg8 29.Rg4 Nxf6 30.exf6 Qxf6
31.Qe3 Bc6 32.Qd4 Qxd4 33.Rxd4 Re8 34.Kg2 Re3 35.Nxc4 dxc4 36.Rxc4 Bd5 37.Rc5 Re2+
38.Kf1 Bxf3 39.Rxa5 Rxh2 40.Bd3 h5 41.c4 h4 42.Ra7 Rd2 43.Bb1 h3 44.Ke1 Re2+  0-1

[Event "FSGM September"]
[Site "Budapest HUN"]
[Date "2007.09.02"]
[Round "2"]
[White "Bui Vinh"]
[Black "Rajlich,I"]
[Result "1/2-1/2"]
[WhiteElo "2466"]
[BlackElo "2406"]

1.d4 Nf6 2.Bg5 d5 3.Bxf6 exf6 4.e3 Be6 5.g3 c5 6.dxc5 Bxc5 7.Ne2 Qb6 8.Nbc3 Qxb2
9.Rb1 Qa3 10.Bg2 Nc6 11.Rxb7 Bb6 12.O-O Qa6 13.Rxb6 axb6 14.Bxd5 Rc8 15.Bxe6 fxe6
16.Nf4 Qc4 17.Qh5+ Ke7 18.Ncd5+ exd5 19.Nxd5+ Kf8 20.Nxb6 Qf7 21.Qb5 Qb7
22.Qc5+ Ne7 23.Nxc8 Qxc8 24.Qa3 Kf7 25.Qb3+ Qe6 26.Rd1 Qxb3 27.axb3 Rc8 28.Rd2 Ke6
29.Kf1 Rc5 30.Ke2 Rh5 31.h4 Rc5 32.c4 Rc8 33.Kd3 h5 34.Kc3 Nf5 35.Rd5 Nd6
36.Rxh5 Ne4+ 37.Kd4 f5 38.c5 Nxc5 39.g4 Nxb3+ 40.Kd3 Nc5+ 41.Kd4 Nb3+ 42.Kd3 fxg4
43.Rg5 Kf6 44.Rxg4 Rd8+ 45.Ke2 Rd2+ 46.Kf3 Nc5 47.Rf4+ Kg6 48.Kg3 Rc2 49.Rg4+ Kf6
50.Rf4+ Ke5 51.Rf8 Ne4+ 52.Kg2 g6 53.Rf4 Ra2 54.Rf8 Nf6 55.Rb8 Ng4 56.Re8+ Kf6
57.Rf8+ Kg7 58.Rf3 Kh6 59.Kg3 Kh5 60.Rf8 Nh6 61.e4 Ra1 62.f3 Rg1+ 63.Kh2 Re1
64.Kg3 Rg1+ 65.Kh2 Re1 66.Kg3 Rg1+  1/2-1/2

[Event "FSGM September"]
[Site "Budapest HUN"]
[Date "2007.09.04"]
[Round "4"]
[White "Bui Vinh"]
[Black "Mihok,O"]
[Result "1/2-1/2"]
[WhiteElo "2466"]
[BlackElo "2402"]

1.d4 Nf6 2.Bg5 c5 3.Bxf6 gxf6 4.d5 Qb6 5.Qc1 f5 6.g3 Bg7 7.c3 d6 8.Nd2 Nd7
9.Bg2 Nf6 10.Nh3 h5 11.Qc2 Bd7 12.Nf4 h4 13.O-O-O Qa6 14.Kb1 O-O-O 15.e3 Ng4
16.Nf3 hxg3 17.hxg3 Qa4 18.Qd2 Ne5 19.Nxe5 Bxe5 20.Qc2 Qxc2+ 21.Kxc2 Rxh1
22.Rxh1 Rh8 23.Rxh8+ Bxh8 24.Bh3 Be5 25.Kd2 e6 26.Bg2 b5 27.Bf3 Kd8 28.Bh5 Bxf4
29.gxf4 Ke7 30.Bf3 Kf6 31.b4 cxb4 32.cxb4 e5 33.Bg2 exf4 34.exf4 Kg6 35.Bf3 Be8
36.Ke2 Kh6 37.Kf1 f6 38.Be2 Kg7 39.a3 Kh6 40.Kg2 Kg7 41.Kg3 Kh6 42.Kh4 Kg7
43.Bd3 Bd7 44.Bf1 Kh6 45.Be2 Be8  1/2-1/2

[Event "XV Open"]
[Site "Albacete ESP"]
[Date "2007.09.05"]
[Round "6"]
[White "Bolado Saez,S"]
[Black "Lazarev,V"]
[Result "0-1"]
[WhiteElo "2366"]
[BlackElo "2498"]

1.d4 Nf6 2.Bg5 d5 3.Nf3 Ne4 4.Bf4 c5 5.e3 Qb6 6.Qc1 Nc6 7.dxc5 Qxc5 8.Be2 g6
9.Nbd2 Bg7 10.Nb3 Qb6 11.O-O e5 12.Bg3 O-O 13.c4 Nxg3 14.hxg3 dxc4 15.Bxc4 e4
16.Ng5 Ne5 17.Nxe4 Bf5 18.Nec5 Nxc4 19.Qxc4 Rac8 20.a4 Bxb2 21.Ra2 Bg7 22.a5 Qc6
23.e4 Bg4 24.f3 Be6 25.Qe2 Bd4+  0-1

[Event "FSGM September"]
[Site "Budapest HUN"]
[Date "2007.09.07"]
[Round "7"]
[White "Bui Vinh"]
[Black "Wittmann,W"]
[Result "1-0"]
[WhiteElo "2466"]
[BlackElo "2313"]

1.d4 Nf6 2.Bg5 d5 3.e3 c5 4.Bxf6 gxf6 5.dxc5 e6 6.c4 dxc4 7.Qxd8+ Kxd8 8.Bxc4 Bxc5
9.Nc3 a6 10.Nf3 Nc6 11.O-O Ke7 12.Rac1 Bd7 13.Ne4 Bb6 14.Rfd1 Rhd8 15.Nd6 Rab8
16.Be2 Be8 17.Nxe8 Rxd1+ 18.Bxd1 Rxe8 19.Ba4 Rc8 20.Bxc6 Rxc6 21.Rxc6 bxc6
22.Kf1 Kd6 23.Ke2 f5 24.Nd2 Kd5 25.Kd3 Bc7 26.h3 Bd8 27.f3 Bc7 28.Nc4 Bg3
29.a3 Bc7 30.Nd2 Bd8 31.b3 Bc7 32.Nc4 a5 33.Kc3 Bg3 34.Kd3 Bc7 35.e4+ fxe4+
36.fxe4+ Kc5 37.g4 Kb5 38.Kc3 Bg3 39.Kd4 c5+ 40.Kc3 Be1+ 41.Kc2 Bg3 42.Nb2 f6
43.a4+ Kc6 44.Kd3 Be5 45.Nc4 Bc7 46.Nd2 Bf4 47.Nf3 Kd6 48.Kc4 Be3 49.Kb5 Bf2
50.Kxa5 Kc6 51.Ka6 Be3 52.a5 Bf2 53.Nd2 Be3 54.Nf3 Bf2 55.h4 Be3 56.h5 h6
57.Ne1 Bd2 58.Nc2 Bc3 59.Na3 Bd4 60.Nc4 Bf2 61.Ka7 Kc7 62.Ka6 Kc6 63.Nb6 Be1
64.Nc8 Kd7 65.Na7 Kc7 66.Kb5 Bf2 67.Nc6 Bd4 68.b4  1-0

[Event "3rd Geller mem Open A"]
[Site "Odessa UKR"]
[Date "2007.09.08"]
[Round "1"]
[White "Korobkov,P"]
[Black "Ivanenko,O1"]
[Result "1-0"]
[WhiteElo "2423"]
[BlackElo "2104"]

1.d4 Nf6 2.Bg5 d5 3.e3 e6 4.Nf3 Be7 5.Nbd2 b6 6.Ne5 Bb7 7.Bb5+ c6 8.Bd3 O-O
9.f4 c5 10.Qf3 Nc6 11.c3 Nxe5 12.fxe5 Ne4 13.Bxe7 Qxe7 14.Bxe4 dxe4 15.Qg3 f5
16.exf6 Rxf6 17.dxc5 Qxc5 18.O-O-O Bd5 19.Rhf1 Rg6 20.Qf2 Rf6 21.Qe2 Rxf1
22.Rxf1 Qa5 23.a3 Qc5 24.Qf2 h6 25.Qf7+ Kh8 26.Qf4 Qc6 27.Qe5 Qc5 28.Qf4 Qc6
29.g4 b5 30.g5 hxg5 31.Qxg5 Qb7 32.Rf4 Kg8 33.Qh5 Rf8 34.Rh4 Rf5 35.Qh8+ Kf7
36.Rg4 Kf6 37.Qh7 Qf7 38.Qh8 Qb7 39.Qh4+ Ke5 40.Qg3+ Kf6  1-0

[Event "3rd Geller mem Open A"]
[Site "Odessa UKR"]
[Date "2007.09.10"]
[Round "3"]
[White "Chernyshov,K"]
[Black "Teterev,V"]
[Result "1/2-1/2"]
[WhiteElo "2570"]
[BlackElo "2500"]

1.d4 Nf6 2.Bg5 c5 3.Bxf6 gxf6 4.c3 Qb6 5.Qd2 f5 6.f4 d5 7.dxc5 Qxc5 8.Qd4 Qxd4
9.cxd4 e6 10.e3 Bd7 11.Nd2 Nc6 12.Rc1 Bd6 13.Ngf3 Ke7 14.Kf2 Rhc8 15.Be2 Na5
16.h3 Rxc1 17.Rxc1 Rc8 18.Rxc8 Bxc8 19.a3 Nc6 20.b4 Nb8 21.Ne5 Bd7 22.Kg3 a5
23.bxa5 Bxa3 24.Nb3 Bb4 25.Nd3 Bc3 26.Ndc5 Bc6 27.Kf3 Nd7 28.a6 bxa6 29.Nxd7 Bxd7
30.Bxa6 Ba4 31.Nc5 Bd1+ 32.Kf2 Ba5 33.Be2 Bc2 34.Bd3 Bd1 35.Bb1 Bb4 36.Nd3 Bc3
37.Ne5 Bd2 38.Bd3 Bc3 39.g4 fxg4 40.hxg4 f6 41.Nc6+ Kd6 42.Na7 Ba5 43.Be2 Ba4
44.Bb5 Bd1 45.Nc6 Bc3 46.g5 fxg5 47.fxg5 Bc2 48.Ne5 Be4 49.Kg3 Be1+ 50.Kf4 Ke7
51.Be2 Bf2 52.Bd3 Bxd3 53.Nxd3 Bg1 54.Kf3 Bh2 55.Kg2 Bc7 56.Kh3 e5 57.Kg4 exd4
58.exd4 Bb6 59.Ne5 Ke6 60.Nf3 Bc7 61.Ng1 Ba5 62.Ne2 Bb6 63.Kf4 Bc7+ 64.Kg4 Bb6
65.Nf4+ Kf7  1/2-1/2

[Event "FSGM September"]
[Site "Budapest HUN"]
[Date "2007.09.11"]
[Round "11"]
[White "Bui Vinh"]
[Black "Prohaszka,P2"]
[Result "1/2-1/2"]
[WhiteElo "2466"]
[BlackElo "2486"]

1.d4 Nf6 2.Bg5 d5 3.e3 c5 4.Nd2 Nc6 5.c3 Qb6 6.Qb3 Bf5 7.Bxf6 gxf6 8.Ne2 e5
9.Ng3 Be6 10.Qxb6 axb6 11.dxc5 bxc5 12.Bb5 Be7 13.O-O f5 14.Rfe1 O-O-O 15.a3 h5
16.b4 h4 17.Ne2 Na7 18.Ba4 b6 19.Rec1 Rh6 20.Rab1 Rg8 21.bxc5 Bxc5 22.c4 Rhg6
23.g3 hxg3 24.hxg3 Rh6 25.cxd5 Bxd5 26.Kf1 Rgh8 27.Nc3 Bb7 28.Ke2 Rd8 29.Nb5 Nxb5
30.Bxb5 f4 31.gxf4 exf4 32.Nf3 fxe3 33.fxe3 Kb8 34.Rb3 Rh3 35.Rf1 f6 36.Bc4 Bc8
37.Rg1 Bb7 38.Rf1 Rg3 39.a4 Kc7 40.Rf2 Re8 41.Bb5 Re7 42.Rc3 Kb8 43.Rd3 f5
44.Nd4 Bxd4 45.Rxd4 Rgxe3+ 46.Kd2 R3e5 47.Rh2 Be4 48.Rh8+ Kb7 49.Rf8 Bc6
50.Bd3 Bd7 51.Rf6 Be6 52.Bb5 Kc7 53.Rf8 Bd7 54.Bd3 Ra5 55.Rf6  1/2-1/2

[Event "3rd Geller mem Open A"]
[Site "Odessa UKR"]
[Date "2007.09.12"]
[Round "5"]
[White "Korobkov,P"]
[Black "Brodsky,M"]
[Result "1/2-1/2"]
[WhiteElo "2423"]
[BlackElo "2595"]

1.d4 Nf6 2.Bg5 c5 3.d5 Ne4 4.Bf4 Qb6 5.Bc1 e6 6.f3 Qa5+ 7.c3 Nf6 8.e4 d6
9.Nd2 exd5 10.exd5 Be7 11.Nc4 Qd8 12.Ne2 O-O 13.Ng3 h5 14.Be2 h4 15.Ne4 Ne8
16.f4 Bf5 17.Bd3 Nd7 18.O-O Bxe4 19.Bxe4 f5 20.Bf3 g6 21.Re1 Ng7 22.a4 Nf6
23.Be3 Rc8 24.Bf2 Nfe8 25.Qd3 Bf6 26.g4 hxg3 27.hxg3 Qd7 28.Ne3 g5 29.Kg2 Be7
30.Rh1 gxf4 31.gxf4 Rf6 32.Kf1 Rg6 33.Bh5 Nxh5 34.Qxf5 Qxf5 35.Nxf5 Bf8 36.Rxh5 Nf6
37.Rg5 Kf7 38.Rxg6 Kxg6 39.Ne3 Bh6 40.f5+ Kh5 41.Re1 Bf4 42.Nc4 Kg5 43.Re7 Rb8
44.Re6 Nxd5 45.Nxd6 Bxd6 46.Rxd6 Nb6 47.b3 Rf8 48.f6 Nc8 49.Rd5+ Kxf6 50.Rxc5 Ke6
51.Rc7 Nd6 52.Ke2 Rc8 53.Rxc8 Nxc8 54.Kd3 Kd6 55.Kc4 Kc6 56.Bc5 b6 57.Bf8 a6
58.Kd4 Na7 59.b4 Kb7 60.Kd5 Nc6 61.Bd6 Na7 62.Bg3 Nc6 63.Bf4 Na7 64.Be3 Nc6
65.Bd4 Ne7+ 66.Kd6 Nc6 67.Bf2 Na7 68.Bd4 Nc6 69.Bg1 Na7 70.Bf2 Nc6 71.Bd4 Na7
72.c4 Nc6 73.Be3 Na7 74.Bc1 Nc6 75.Bd2 Na7 76.Bc3 Nc6 77.Be1 Na7 78.Kd5 Nc6
79.Bc3 Na7 80.Bg7 Nc6 81.Bf8 Na7 82.b5 axb5 83.axb5 Nc8 84.c5 bxc5  1/2-1/2

[Event "TCh-FIN 2007-8"]
[Site "Finland FIN"]
[Date "2007.09.15"]
[Round "1"]
[White "Karttunen,M"]
[Black "Anjuhin,A"]
[Result "1-0"]
[WhiteElo "2427"]
[BlackElo "2359"]

1.d4 Nf6 2.Bg5 c5 3.d5 Qb6 4.Nc3 Qxb2 5.Bd2 Qb6 6.e4 e5 7.f4 d6 8.f5 g6 9.g4 gxf5
10.gxf5 Rg8 11.Qf3 Nbd7 12.Nh3 a6 13.a4 Qc7 14.Bc4 Nb6 15.Be2 Nbd7 16.Nf2 b6
17.Ncd1 c4 18.Nb2 Nc5 19.Nxc4 Bb7 20.a5 b5 21.Nb6 Rb8 22.c4 bxc4 23.Bxc4 Ncd7
24.Rc1 Nc5 25.Ke2 Nfd7 26.Nxd7 Qxd7 27.Ng4 Qe7 28.Rhg1 Kd8 29.Nf6 Rxg1 30.Rxg1 h6
31.Nh7 Kc7 32.f6 Qd7 33.Rg8 Qa4 34.Qc3 Nxe4 35.Qc1 Nc5 36.Nxf8 Bc8 37.Rg7 Rb1
38.Qxb1 Qxc4+ 39.Kf2 Ne4+ 40.Ke1  1-0

[Event "6th ch-Asia"]
[Site "Cebu City PHI"]
[Date "2007.09.22"]
[Round "4"]
[White "Nouri,H"]
[Black "Ghaem Maghami,E"]
[Result "0-1"]
[WhiteElo "2426"]
[BlackElo "2610"]

1.d4 Nf6 2.Bg5 d5 3.Nf3 c5 4.Bxf6 gxf6 5.Nc3 Nc6 6.e3 e6 7.Bb5 Bd7 8.e4 dxe4
9.Nxe4 Qa5+ 10.Qd2 Qxb5 11.Nxf6+ Ke7 12.dxc5 Qxb2 13.Rd1 Bg7 14.O-O Bxf6
15.Qxd7+ Kf8 16.Rb1 Qxa2 17.Rxb7 Ne7 18.Qd6 Qd5 19.Rfb1 Rd8 20.Qc7 Kg7 21.h4 Rhf8
22.Rxa7 Ra8 23.Rbb7 Rxa7 24.Rxa7 Qd1+ 25.Kh2 Qxc2 26.Qd6 Nc8 27.Qg3+ Qg6
28.Ra8 Qxg3+ 29.Kxg3 Ne7 30.Rxf8 Kxf8 31.Kh3 Bc3 32.Ng5 h6 33.Ne4 Bd4 34.f3 f5
35.Nd2 Bxc5 36.Nc4 Ng6 37.g3 Bd4 38.Kg2 Ne5 39.Nd2 Ke7 40.Nb3 Bb6 41.Nc1 Kd6
42.Na2 Nd3 43.Kf1 Kd5 44.Nc3+ Kd4 45.Nd1 e5 46.g4 Bd8 47.gxf5 Bxh4 48.Ke2 Bg5
49.Kf1 h5 50.Kg2 Nf4+ 51.Kg3 Nd5 52.Kf2 Nc3  0-1

[Event "16th Monarch Assurance"]
[Site "Port Erin IOM"]
[Date "2007.09.23"]
[Round "2"]
[White "Walton,A"]
[Black "Majer,C"]
[Result "0-1"]
[WhiteElo "2223"]
[BlackElo "2041"]

1.d4 Nf6 2.Bg5 c5 3.d5 Ne4 4.Bc1 e6 5.c4 b5 6.Qd3 Nd6 7.cxb5 a6 8.Nc3 axb5
9.dxe6 fxe6 10.Bf4 Ba6 11.Qf3 Nc6 12.e4 Nd4 13.Qd1 Qa5 14.Bxd6 Bxd6 15.Ne2 Be5
16.Nxd4 Bxd4 17.Qd2 O-O 18.f3 d5 19.Bd3 Rad8 20.exd5 b4 21.Ne2 Rxd5 22.Nc1 c4
23.Be4 c3  0-1

[Event "Highlands Open A"]
[Site "Zdar nad Sazavou CZE"]
[Date "2007.09.29"]
[Round "8"]
[White "Zpevak,P"]
[Black "Konopka,M"]
[Result "1/2-1/2"]
[WhiteElo "2423"]
[BlackElo "2424"]

1.d4 Nf6 2.Bg5 c5 3.Bxf6 gxf6 4.d5 Qb6 5.Nd2 Qxb2 6.e4 Bh6 7.Ngf3 d6 8.a4 Bg4
9.Bb5+ Kf8 10.Nc4 Qc3+ 11.Kf1 f5 12.Ra3 Bxf3 13.gxf3 Qf6 14.Qd3 Rg8 15.Rg1 Rxg1+
16.Kxg1 a6 17.Nb6 axb5 18.Nxa8 c4 19.Qc3 Qg5+ 20.Kf1 Qc1+ 21.Kg2 Qg5+ 22.Kf1 Qc1+
23.Kg2  1/2-1/2

[Event "Highlands Open A"]
[Site "Zdar nad Sazavou CZE"]
[Date "2007.09.30"]
[Round "9"]
[White "Pisk,P"]
[Black "Jedlicka,A"]
[Result "1/2-1/2"]
[WhiteElo "2366"]
[BlackElo "2265"]

1.d4 Nf6 2.Bg5 d5 3.Bxf6 exf6 4.e3 Bd6 5.c4 dxc4 6.Bxc4 f5 7.Nf3 O-O 8.Nc3 c6
9.O-O Nd7 10.Qc2 Nb6 11.Bb3 Qf6 12.Rfe1 Be6 13.Bxe6 Qxe6 14.e4 fxe4 15.Nxe4 Bb4
16.Nc3 Qg6 17.Qb3 Bxc3 18.bxc3 Rfe8 19.a4 Nd5 20.Ne5 Qe6 21.Nf3 Qd7 22.a5 b6
23.axb6 axb6 24.Rxa8 Rxa8 25.c4 Nf4 26.g3 Qg4 27.Qe3 Ng6 28.Rb1 c5 29.dxc5 bxc5
30.Rc1 h6 31.Kg2 Qf5 32.Rd1 Qc2 33.Rd5 Qxc4 34.Rxc5 Qb4 35.h4 Kf8 36.h5 Re8
37.Qc1 Ne7 38.Qc2 Ng8 39.Rc4 Qb7 40.Rc7 Qd5 41.Rc5 Qe4 42.Qxe4  1/2-1/2

[Event "Magistral ITT ENDESA"]
[Site "Santiago CHI"]
[Date "2007.10.02"]
[Round "7"]
[White "Arancibia Guzman,E"]
[Black "Diaz,Rob"]
[Result "1/2-1/2"]
[WhiteElo "2358"]
[BlackElo "2319"]

1.d4 Nf6 2.Bg5 g6 3.Nf3 Bg7 4.Nbd2 d6 5.e4 O-O 6.c3 Nbd7 7.Be2 e5 8.dxe5 dxe5
9.O-O Qe7 10.Re1 Nc5 11.Bh4 a5 12.Qc2 Bg4 13.Nc4 Bxf3 14.Bxf3 Qe6 15.Nd2 a4
16.b4 axb3 17.axb3 Rad8 18.Rad1 Nd3 19.Rf1 Nf4 20.Nc4 h6 21.Bg3 N6h5 22.Ne3 c6
23.Rxd8 Rxd8 24.Rd1  1/2-1/2

[Event "WJun"]
[Site "Yerevan ARM"]
[Date "2007.10.04"]
[Round "2"]
[White "Vandenbussche,T"]
[Black "Ibarra Chami,L"]
[Result "1-0"]
[WhiteElo "2205"]
[BlackElo "2416"]

1.d4 d5 2.Bg5 Nf6 3.Bxf6 exf6 4.e3 f5 5.g3 Nd7 6.Bg2 Nf6 7.Ne2 Bd6 8.Nd2 O-O
9.O-O Ne4 10.b3 c6 11.c4 Qa5 12.Nf3 b6 13.Qc2 Ba6 14.a3 dxc4 15.b4 Qb5 16.Nh4 c3
17.Nxc3 Nxc3 18.Qxc3 Rac8 19.Rfc1 Bb7 20.Bf1 Qd5 21.Bc4 Qe4 22.Bd3 Qe8 23.Nxf5 Bb8
24.Ra2 g6 25.Nh4 Rd8 26.Bf1 Qe6 27.Qc4 Qf6 28.Qd3 Rd5 29.Bg2 Rh5 30.Rac2 g5
31.Qf5 Qh6 32.Qg4 f5 33.Nxf5 Rxf5 34.Qxf5 Rxh2 35.Qd7  1-0

[Event "FSGM October"]
[Site "Budapest HUN"]
[Date "2007.10.06"]
[Round "1"]
[White "Bui Vinh"]
[Black "Wittmann,W"]
[Result "1-0"]
[WhiteElo "2461"]
[BlackElo "2304"]

1.d4 Nf6 2.Bg5 d5 3.Bxf6 gxf6 4.c4 dxc4 5.e3 c5 6.Bxc4 cxd4 7.exd4 Nc6 8.Ne2 Bg7
9.Nbc3 O-O 10.O-O f5 11.d5 Ne5 12.Bb3 Qd6 13.Nd4 Ng4 14.Nf3 Kh8 15.h3 Ne5
16.Re1 Bd7 17.Qc2 Ng6 18.Rad1 Rg8 19.Ng5 Qf6 20.Qd2 h6 21.Nf3 Qd6 22.Ne2 Ne5
23.Ned4 Qg6 24.Qf4 Nxf3+ 25.Qxf3 Rae8 26.g3 f4 27.Qxf4 Bxh3 28.Bc2 Qh5 29.Qe4 Qg6
30.Qxg6 fxg6 31.Bxg6 Rd8 32.Bf7 Rgf8 33.Be6 Bxd4 34.Rxd4 Bxe6 35.Rxe6 Rd7
36.Rxh6+ Kg7 37.Re6 Rfd8 38.Kg2 Kf7 39.Rf4+ Kg8 40.Rfe4  1-0

[Event "Open"]
[Site "Nelson NZL"]
[Date "2007.10.06"]
[Round "8"]
[White "Wilkins,M"]
[Black "Fuatai,F"]
[Result "1/2-1/2"]
[WhiteElo "2245"]
[BlackElo "2062"]

1.d4 Nf6 2.Bg5 g6 3.Bxf6 exf6 4.e3 Bg7 5.g3 O-O 6.Bg2 c5 7.c3 Nc6 8.Ne2 d6
9.Nd2 Qe7 10.Nf4 cxd4 11.Nd5 Qd8 12.cxd4 Re8 13.O-O Rb8 14.Rc1 h5 15.h4 Be6
16.a3 Bxd5 17.Bxd5 Ne7 18.Bg2 Nf5 19.Bh3 Nh6 20.Rc2 f5 21.Qf3 Rc8 22.Rfc1 Rxc2
23.Rxc2 Qd7 24.Bg2 Re7 25.Qf4 Ng4 26.Qf3 Nf6 27.Nb1 Ng4 28.Nc3 Bxd4 29.Nd5 Re8
30.exd4 Re1+ 31.Bf1 Rxf1+ 32.Kxf1 Nh2+ 33.Ke2 Qb5+ 34.Qd3 Qxd5 35.f3 Kg7
36.Kf2 b5 37.b3 a5 38.Re2 Qc6 39.d5 Qc1 40.Qd4+ Kh7 41.Qf4 Qf1+ 42.Ke3 Qc1+
43.Kf2  1/2-1/2

[Event "12th ECC Women"]
[Site "Kemer TUR"]
[Date "2007.10.07"]
[Round "5"]
[White "Dzagnidze,N"]
[Black "Kovalevskaya,E"]
[Result "1-0"]
[WhiteElo "2416"]
[BlackElo "2448"]

1.d4 Nf6 2.Bg5 d5 3.Bxf6 gxf6 4.c4 dxc4 5.e3 Be6 6.Nc3 c6 7.g3 Na6 8.Nge2 Nb4
9.Nf4 Bf5 10.g4 Bg6 11.Nxg6 hxg6 12.Bxc4 e6 13.h4 Nd5 14.Bxd5 exd5 15.h5 Bb4
16.Kd2 g5 17.Qf3 Qe7 18.a3 Bxc3+ 19.bxc3 Rh6 20.Kd3 O-O-O 21.a4 Re8 22.a5 Qe4+
23.Qxe4 dxe4+ 24.Ke2 f5 25.gxf5 Rf6 26.h6 Rxf5 27.h7 Rh8 28.Rh6 Kd7 29.c4 a6
30.Rb1 Kc7 31.c5 g4 32.Rb4 Rd5 33.Rb1 Rg5 34.Rbh1 g3 35.fxg3 Rxg3 36.R1h4 Rg2+
37.Kf1 Rg7 38.Rxe4 Rhxh7 39.Re7+ Kc8 40.Rxh7 Rxh7 41.Kg2 Rg7+ 42.Kf2 Rh7
43.Kg3 Rh1 44.Kf4 Ra1 45.Ke5 Rxa5 46.Kd6 Kb8 47.e4 Ra4 48.d5 cxd5 49.exd5 Ra1
50.Re8+ Ka7 51.Kc7 Ra5 52.c6 bxc6 53.d6  1-0

[Event "Open"]
[Site "Nelson NZL"]
[Date "2007.10.07"]
[Round "9"]
[White "Wilkins,M"]
[Black "Davis,J"]
[Result "1/2-1/2"]
[WhiteElo "2245"]
[BlackElo "1893"]

1.d4 Nf6 2.Bg5 d5 3.Bxf6 exf6 4.e3 Bf5 5.Ne2 Bd6 6.Ng3 Bxg3 7.hxg3 Qd6 8.c3 Nd7
9.Bd3 Bxd3 10.Qxd3 h6 11.Nd2 a6 12.c4 dxc4 13.Qxc4 O-O 14.Rc1 Rac8 15.b4 Nb6
16.Qc5 Qd5 17.Qxd5 Nxd5 18.a3 Nb6 19.Ne4 f5 20.Nc5 Rb8 21.Rh5 g6 22.Rxh6 Kg7
23.Rh3 Rfd8 24.Ke2 c6 25.Rch1 Nc4 26.Ra1 b6 27.Nd3 Ra8 28.Rc1 b5 29.Ne5 Nxa3
30.Rxc6 Rdc8 31.Rc5 a5 32.bxa5 Rxc5 33.dxc5 b4 34.Rh4 Rxa5 35.Rxb4 Rxc5  1/2-1/2

[Event "FSGM October"]
[Site "Budapest HUN"]
[Date "2007.10.09"]
[Round "4"]
[White "Hoang Thanh Trang"]
[Black "Prohaszka,P2"]
[Result "1/2-1/2"]
[WhiteElo "2466"]
[BlackElo "2470"]

1.d4 Nf6 2.Bg5 d5 3.e3 c5 4.Bxf6 gxf6 5.Nc3 cxd4 6.exd4 Nc6 7.Qh5 e6 8.O-O-O Bb4
9.Nge2 f5 10.a3 Ba5 11.h4 Bd7 12.Rh3 Qf6 13.Qg5 Qe7 14.Qxe7+ Nxe7 15.Nf4 Ng6
16.Nxg6 hxg6 17.Na2 Rc8 18.Nb4 Bd8 19.g3 Bf6 20.c3 Ba4 21.Rd2 g5 22.hxg5 Rxh3
23.Bxh3 Bxg5 24.f4 Bf6 25.Kb1 Ke7 26.Re2 Kd6 27.Nd3 Bb5 28.Re3 Rh8 29.Nf2 Ba4
30.Bf1 Rh2 31.Rf3 a5 32.Kc1 Rh7 33.Kd2 Be7 34.Re3 Bb3 35.Bd3 Rh2 36.Ke1 Kd7
37.Bb5+ Kd8 38.Kf1 Bc2 39.Bd3 Bxd3+ 40.Rxd3 Kc7 41.Ke2 Bd6 42.Rd1 Rh8 43.Rh1 Rg8
44.Kf3 Kd7 45.Rh7 Ke7 46.g4 fxg4+ 47.Nxg4 b5 48.f5 exf5 49.Ne3 Ke6 50.Rh5 Rg1
51.Ke2 Rb1 52.Rxf5 Rxb2+ 53.Kd3 b4 54.axb4 axb4 55.Rxd5 Rb3 56.Rb5 Rxc3+
57.Ke4 Rc1 58.Rb6 Re1 59.Kd3 Kd7 60.Nc4 Rd1+ 61.Ke4 Bh2 62.Rxb4 Bg1 63.Ne5+ Ke6
64.Rb6+ Ke7 65.Rb7+ Ke6 66.Nf3 f5+ 67.Kf4 Bxd4 68.Rb5 Rf1 69.Rxf5 Rxf3+ 70.Kxf3 Kxf5  1/2-1/2